000 00957nam a2200253Ia 4500
003 OSt
005 20221005112548.0
006 a|||||r|||| 00| 0
007 ta
008 221004b |||||||| |||| 00| 0 pan d
020 _a9789350175330 (hbk)
_c150
024 _a3754
037 _b743, 12/03/2013, Bright Book Service
_cTextual
040 _aCRL
_cCRL
_bpan
041 _2pan
_apan
082 _aV2:51, 153Q1
100 _aਚਮਿੰਡਾ, ਬਾਬਾ ਹਰਭਜਨ ਸਿੰਘ
245 0 _aਲਹੂ ਭਿੰਨੀਆਂ ਯਾਦਾਂ ਤੇ ਸਵੈ ਜੀਵਨੀ
_b 1895-4.12.1982
260 _aਚੰਡੀਗੜ
_bਲੋਕਗੀਤ ਭਾਰਤ
_c2011
300 _a124ਪੰ
_ccm.
650 _aਭਾਰਤੀਯ ਇਤਿਹਾਸ
942 _hV2:51, 153Q1
_cTEXL
_2cc
999 _c1025251
_d1025251